[Event "FIDE Womens Grand Swiss 2021"]
[Site "Riga"]
[Date "2021.11.01"]
[Round "6.18"]
[White "Lujan, Carolina"]
[Black "Atalik, Ekaterina"]
[Result "1/2-1/2"]
[WhiteElo "2340"]
[BlackElo "2420"]
[Annotator "NA"]
[PlyCount "78"]
[EventDate "2021.10.27"]
[EventType "swiss"]
[EventCountry "LAT"]
[Tiebreak "Cut1 Buchholz+Sonneborn-Berger (Swiss)"]
[SourceTitle "playchess.com"]
[Source "ChessBase"]
[SourceQuality "1"]
[TimeControl "40/6000+30:20/3000+30:900+30"]

1. e4 {[%emt 0:10:06]} c6 {[%emt 0:10:07]} 2. Nf3 {[%emt 0:00:15]} d5 {[%emt 0:
00:13]} 3. Nc3 {[%emt 0:00:07]} Nf6 {[%emt 0:00:20]} 4. e5 {[%emt 0:00:22]} Ne4
{[%emt 0:00:20]} 5. d4 {[%emt 0:00:19]} Nxc3 {[%emt 0:00:28]} 6. bxc3 {[%emt 0:
00:07]} e6 {[%emt 0:00:32]} 7. Bd3 {[%emt 0:13:16]} c5 {[%emt 0:02:50]} 8. h4 {
[%emt 0:05:36]} c4 {[%emt 0:00:40]} 9. Be2 {[%emt 0:00:23]} Nc6 {[%emt 0:01:22]
} 10. h5 {[%emt 0:07:26]} h6 {[%emt 0:00:57]} 11. a4 {[%emt 0:10:42]} Qa5 {
[%emt 0:01:27]} 12. Bd2 {[%emt 0:00:37]} Bd7 {[%emt 0:00:42]} 13. Qb1 {[%emt 0:
01:09]} O-O-O {[%emt 0:01:33]} 14. Qa2 {[%emt 0:06:20]} f6 {[%emt 0:07:17]} 15.
exf6 {[%emt 0:03:32]} gxf6 {[%emt 0:00:05]} 16. Nh4 {[%emt 0:01:51]} Bd6 {
[%emt 0:02:17]} 17. Ng6 {[%emt 0:01:33]} Rh7 {[%emt 0:08:30]} 18. Qb2 {[%emt 0:
01:54]} Re8 {[%emt 0:06:36]} 19. Qc1 {[%emt 0:06:57]} e5 {[%emt 0:14:31]} 20.
Kf1 {[%emt 0:01:18]} Ne7 $15 {[%emt 0:20:59]} 21. Bxh6 {[%emt 0:12:56]} Rxh6 {
[%emt 0:04:42]} 22. Qxh6 {[%emt 0:05:52]} exd4 {[%emt 0:07:40]} 23. Nxe7+ {
[%emt 0:05:40]} Rxe7 {[%emt 0:00:32]} 24. cxd4 {[%emt 0:05:54]} Qc3 {[%emt 0:
01:46]} 25. Qc1 {[%emt 0:01:33]} Qxd4 {[%emt 0:07:04]} 26. c3 {[%emt 0:00:55]}
Qe5 {[%emt 0:03:05]} 27. Bf3 {[%emt 0:03:47]} Bf5 {[%emt 0:01:01]} 28. Qd2 {
[%emt 0:00:11]} Bd3+ {[%emt 0:00:45]} 29. Kg1 {[%emt 0:00:04]} d4 {[%emt 0:01:
31]} 30. Rc1 {[%emt 0:03:31]} dxc3 {[%emt 0:00:16]} 31. Qe3 {[%emt 0:00:20]}
Qxe3 {[%emt 0:02:36]} 32. fxe3 {[%emt 0:00:00]} Bc5 {[%emt 0:00:20]} 33. Rxc3 {
[%emt 0:00:50]} Rxe3 {[%emt 0:01:31]} 34. Kf2 {[%emt 0:01:22]} Re5+ {[%emt 0:
01:52]} 35. Kg3 {[%emt 0:00:10]} Rg5+ {[%emt 0:00:31]} 36. Kf4 {[%emt 0:00:27]}
Rf5+ {[%emt 0:00:34]} 37. Kg4 {[%emt 0:00:50]} Rg5+ {[%emt 0:00:12]} 38. Kf4 {
[%emt 0:00:02]} Rf5+ {[%emt 0:00:58]} 39. Kg4 {[%emt 0:00:00]} Rg5+ {[%emt 0:
00:27]} 1/2-1/2

[Event "FIDE Womens Grand Swiss 2021"]
[Site "Riga"]
[Date "2021.11.01"]
[Round "6.19"]
[White "Hoang, Thanh Trang"]
[Black "Sukandar, Irine Kharisma"]
[Result "0-1"]
[WhiteElo "2380"]
[BlackElo "2406"]
[Annotator "NA"]
[PlyCount "92"]
[EventDate "2021.10.27"]
[EventType "swiss"]
[EventCountry "LAT"]
[Tiebreak "Cut1 Buchholz+Sonneborn-Berger (Swiss)"]
[SourceTitle "playchess.com"]
[Source "ChessBase"]
[SourceQuality "1"]
[TimeControl "40/6000+30:20/3000+30:900+30"]

1. d4 {[%emt 0:10:10]} d5 {[%emt 0:10:36]} 2. Nf3 {[%emt 0:00:29]} Nf6 {
[%emt 0:00:21]} 3. e3 {[%emt 0:00:30]} c5 {[%emt 0:00:41]} 4. Nbd2 {[%emt 0:01:
55]} Nc6 {[%emt 0:00:41]} 5. c3 {[%emt 0:01:12]} cxd4 {[%emt 0:00:52]} 6. exd4
{[%emt 0:00:38]} Bf5 {[%emt 0:00:27]} 7. Be2 {[%emt 0:01:15]} h6 {[%emt 0:00:
41]} 8. O-O {[%emt 0:01:21]} e6 {[%emt 0:00:31]} 9. Re1 {[%emt 0:00:28]} Bd6 {
[%emt 0:00:31]} 10. Nf1 {[%emt 0:00:32]} Qc7 {[%emt 0:08:29]} 11. Ng3 {[%emt 0:
01:40]} Bh7 {[%emt 0:01:35]} 12. Bd3 {[%emt 0:01:22]} Bxd3 {[%emt 0:01:36]} 13.
Qxd3 {[%emt 0:00:09]} O-O-O {[%emt 0:00:18]} 14. Bd2 {[%emt 0:06:15]} g5 {
[%emt 0:07:04]} 15. Rac1 {[%emt 0:03:30]} g4 {[%emt 0:08:59]} 16. Ne5 {[%emt 0:
03:49]} Bxe5 {[%emt 0:03:31]} 17. dxe5 {[%emt 0:00:38]} Nd7 {[%emt 0:00:25]}
18. Nh5 {[%emt 0:11:58]} Ndxe5 {[%emt 0:01:55]} 19. Qg3 {[%emt 0:06:07]} Nc4 {
[%emt 0:07:12]} 20. Bf4 {[%emt 0:00:37]} e5 {[%emt 0:03:08]} 21. b3 $15 {
[%emt 0:06:55]} Rhg8 {[%emt 0:15:07]} 22. Bxh6 {[%emt 0:06:23]} Nd6 {[%emt 0:
02:55]} 23. Bd2 {[%emt 0:09:28]} f5 {[%emt 0:05:51]} 24. Nf6 {[%emt 0:12:31]}
Ne4 {[%emt 0:01:16]} 25. Rxe4 {[%emt 0:01:59]} dxe4 {[%emt 0:00:18]} 26. Nxg8 {
[%emt 0:00:10]} Rxd2 {[%emt 0:00:43]} 27. Qh4 {[%emt 0:04:20]} Qd6 {[%emt 0:05:
29]} 28. h3 {[%emt 0:00:29]} e3 {[%emt 0:01:59]} 29. fxe3 {[%emt 0:06:30]} Qd5
{[%emt 0:00:28]} 30. e4 {[%emt 0:00:16]} Qxe4 {[%emt 0:02:16]} 31. Qg3 {
[%emt 0:00:14]} gxh3 {[%emt 0:02:14]} 32. Qxh3 {[%emt 0:00:27]} Rxg2+ {[%emt 0:
07:07]} 33. Qxg2 {[%emt 0:00:12]} Qe3+ {[%emt 0:00:03]} 34. Kh2 {[%emt 0:00:37]
} Qf4+ {[%emt 0:00:43]} 35. Kh3 {[%emt 0:02:31]} Qxc1 {[%emt 0:00:08]} 36. c4 {
[%emt 0:01:47]} e4 {[%emt 0:01:52]} 37. Qf2 {[%emt 0:02:55]} Qh1+ {[%emt 0:02:
14]} 38. Qh2 {[%emt 0:00:14]} Qf3+ {[%emt 0:04:45]} 39. Qg3 {[%emt 0:00:09]}
Qf1+ {[%emt 0:01:47]} 40. Kh4 {[%emt 0:03:50]} Qh1+ {[%emt 0:02:31]} 41. Kg5 {
[%emt 0:25:45]} e3 {[%emt 0:25:39]} 42. Nf6 {[%emt 0:03:13]} e2 {[%emt 0:06:15]
} 43. Nd5 {[%emt 0:00:20]} Qh7 {[%emt 0:01:15]} 44. Qc3 {[%emt 0:08:49]} Ne7 {
[%emt 0:03:22]} 45. Qa5 {[%emt 0:05:52]} Nxd5 {[%emt 0:01:51]} 46. cxd5 {
[%emt 0:01:19]} Qe7+ {[%emt 0:00:24]} 0-1

[Event "FIDE Womens Grand Swiss 2021"]
[Site "Riga"]
[Date "2021.11.01"]
[Round "6.20"]
[White "Divya Deshmukh"]
[Black "Bivol, Alina"]
[Result "0-1"]
[WhiteElo "2305"]
[BlackElo "2392"]
[Annotator "NA"]
[PlyCount "118"]
[EventDate "2021.10.27"]
[EventType "swiss"]
[EventCountry "LAT"]
[Tiebreak "Cut1 Buchholz+Sonneborn-Berger (Swiss)"]
[SourceTitle "playchess.com"]
[Source "ChessBase"]
[SourceQuality "1"]
[TimeControl "40/6000+30:20/3000+30:900+30"]

1. e4 {[%emt 0:10:05]} c6 {[%emt 0:10:17]} 2. Nc3 {[%emt 0:03:57]} d5 {[%emt 0:
00:17]} 3. Nf3 {[%emt 0:00:03]} dxe4 {[%emt 0:00:09]} 4. Nxe4 {[%emt 0:00:04]}
Nf6 {[%emt 0:00:05]} 5. Nxf6+ {[%emt 0:00:34]} exf6 {[%emt 0:00:07]} 6. d4 {
[%emt 0:00:37]} Bd6 {[%emt 0:00:07]} 7. Be2 {[%emt 0:00:49]} O-O {[%emt 0:00:
58]} 8. O-O {[%emt 0:00:05]} Re8 {[%emt 0:00:51]} 9. Be3 {[%emt 0:01:36]} Nd7 {
[%emt 0:00:21]} 10. c4 {[%emt 0:01:03]} Nf8 {[%emt 0:00:40]} 11. Qb3 {[%emt 0:
02:27]} Ng6 {[%emt 0:04:07]} 12. c5 {[%emt 0:09:39]} Bf4 {[%emt 0:06:44]} 13.
Bc4 {[%emt 0:03:13]} Qc7 {[%emt 0:01:31]} 14. Rfe1 {[%emt 0:16:55]} Be6 {
[%emt 0:01:33]} 15. Bxe6 {[%emt 0:07:36]} Rxe6 {[%emt 0:01:27]} 16. g3 {
[%emt 0:00:30]} Bxe3 {[%emt 0:00:09]} 17. Rxe3 {[%emt 0:00:04]} Rxe3 {[%emt 0:
06:03]} 18. Qxe3 {[%emt 0:03:06]} Qd7 {[%emt 0:01:34]} 19. Re1 {[%emt 0:01:57]}
Rd8 {[%emt 0:03:00]} 20. Kg2 {[%emt 0:07:45]} Nf8 {[%emt 0:02:41]} 21. Qa3 {
[%emt 0:13:59]} a6 {[%emt 0:02:41]} 22. Re3 $17 {[%emt 0:01:32]} Ne6 {[%emt 0:
00:29]} 23. h4 {[%emt 0:03:51]} g5 {[%emt 0:04:13]} 24. hxg5 {[%emt 0:01:30]}
fxg5 {[%emt 0:00:16]} 25. Qb3 {[%emt 0:00:42]} Qd5 {[%emt 0:08:00]} 26. Qxd5 {
[%emt 0:08:19]} Rxd5 {[%emt 0:00:10]} 27. Rb3 {[%emt 0:04:07]} g4 {[%emt 0:04:
51]} 28. Ne5 {[%emt 0:03:03]} Nxd4 {[%emt 0:02:50]} 29. Rd3 {[%emt 0:00:36]} h5
{[%emt 0:05:09]} 30. b4 {[%emt 0:04:29]} Rxe5 {[%emt 0:06:40]} 31. Rxd4 {
[%emt 0:00:01]} Kf8 {[%emt 0:00:37]} 32. Rd8+ {[%emt 0:00:34]} Re8 {[%emt 0:00:
06]} 33. Rd6 {[%emt 0:01:15]} Re7 {[%emt 0:00:37]} 34. Rh6 {[%emt 0:00:54]} Re5
{[%emt 0:00:07]} 35. Rh8+ {[%emt 0:00:28]} Kg7 {[%emt 0:00:06]} 36. Rb8 {
[%emt 0:00:07]} Re7 {[%emt 0:00:02]} 37. Kf1 {[%emt 0:00:43]} f5 {[%emt 0:01:
39]} 38. Rd8 {[%emt 0:00:39]} Kg6 {[%emt 0:01:09]} 39. Rd6+ {[%emt 0:00:24]}
Kg5 {[%emt 0:00:50]} 40. Rd8 {[%emt 0:00:28]} Rg7 {[%emt 0:02:00]} 41. Rf8 {
[%emt 0:27:07]} Re7 {[%emt 0:21:23]} 42. Kg2 {[%emt 0:12:48]} Kg6 {[%emt 0:01:
17]} 43. a3 {[%emt 0:00:54]} Rf7 {[%emt 0:03:01]} 44. Rg8+ {[%emt 0:00:40]} Rg7
{[%emt 0:01:53]} 45. Rf8 {[%emt 0:00:16]} Rh7 {[%emt 0:01:11]} 46. Kf1 {
[%emt 0:02:25]} h4 {[%emt 0:01:07]} 47. gxh4 {[%emt 0:00:01]} Rxh4 {[%emt 0:00:
05]} 48. Kg2 {[%emt 0:01:58]} Rh7 {[%emt 0:01:02]} 49. Kg3 {[%emt 0:01:58]}
Rh3+ {[%emt 0:03:51]} 50. Kg2 {[%emt 0:00:09]} Rxa3 {[%emt 0:03:46]} 51. Rb8 {
[%emt 0:00:05]} f4 {[%emt 0:00:09]} 52. Rxb7 {[%emt 0:00:32]} Ra2 {[%emt 0:00:
07]} 53. Kg1 {[%emt 0:03:24]} Kf5 {[%emt 0:00:18]} 54. f3 {[%emt 0:00:27]} g3 {
[%emt 0:07:35]} 55. Rc7 {[%emt 0:04:55]} Rf2 {[%emt 0:00:16]} 56. Rxc6 {
[%emt 0:00:28]} Rxf3 {[%emt 0:00:04]} 57. Rxa6 {[%emt 0:00:09]} Rc3 {[%emt 0:
00:44]} 58. c6 {[%emt 0:00:53]} Rc1+ {[%emt 0:00:37]} 59. Kg2 {[%emt 0:00:00]}
Kg4 {[%emt 0:00:23]} 0-1

[Event "FIDE Womens Grand Swiss 2021"]
[Site "Riga"]
[Date "2021.11.01"]
[Round "6.21"]
[White "Cori T., Deysi"]
[Black "Kamalidenova, Meruert"]
[Result "1-0"]
[WhiteElo "2382"]
[BlackElo "2339"]
[Annotator "NA"]
[PlyCount "109"]
[EventDate "2021.10.27"]
[EventType "swiss"]
[EventCountry "LAT"]
[Tiebreak "Cut1 Buchholz+Sonneborn-Berger (Swiss)"]
[SourceTitle "playchess.com"]
[Source "ChessBase"]
[SourceQuality "1"]
[TimeControl "40/6000+30:20/3000+30:900+30"]

1. d4 {[%emt 0:10:05]} Nf6 {[%emt 0:10:07]} 2. Nf3 {[%emt 0:00:41]} g6 {
[%emt 0:00:34]} 3. g3 {[%emt 0:00:18]} Bg7 {[%emt 0:00:41]} 4. Bg2 {[%emt 0:00:
07]} O-O {[%emt 0:00:45]} 5. O-O {[%emt 0:00:36]} d5 {[%emt 0:00:34]} 6. c4 {
[%emt 0:01:07]} c6 {[%emt 0:01:04]} 7. Ne5 {[%emt 0:01:04]} dxc4 {[%emt 0:03:
15]} 8. Nxc4 {[%emt 0:00:56]} Be6 {[%emt 0:00:16]} 9. Ne5 {[%emt 0:00:34]} Nbd7
{[%emt 0:05:12]} 10. Nf3 {[%emt 0:23:14]} Ne4 {[%emt 0:02:40]} 11. Qc2 {
[%emt 0:06:09]} Bd5 {[%emt 0:06:04]} 12. Rd1 {[%emt 0:03:01]} f5 {[%emt 0:03:
32]} 13. Be3 {[%emt 0:08:29]} Qe8 {[%emt 0:06:19]} 14. Ne1 {[%emt 0:09:34]} e5
{[%emt 0:07:03]} 15. dxe5 {[%emt 0:13:37]} Nxe5 {[%emt 0:02:19]} 16. Bd4 $11 {
[%emt 0:01:24]} Qe6 {[%emt 0:08:37]} 17. Nc3 {[%emt 0:05:13]} Nxc3 {[%emt 0:07:
15]} 18. Qxc3 {[%emt 0:00:34]} Rad8 {[%emt 0:09:12]} 19. Nd3 {[%emt 0:14:22]}
Bxg2 {[%emt 0:03:40]} 20. Nf4 {[%emt 0:00:51]} Qe7 {[%emt 0:05:14]} 21. Kxg2 {
[%emt 0:01:23]} Rfe8 {[%emt 0:01:31]} 22. Qb3+ {[%emt 0:03:05]} Qf7 {[%emt 0:
02:58]} 23. Bxa7 {[%emt 0:00:57]} Qxb3 {[%emt 0:05:44]} 24. axb3 {[%emt 0:00:
10]} Nf7 {[%emt 0:00:10]} 25. Rxd8 {[%emt 0:02:15]} Nxd8 {[%emt 0:01:02]} 26.
Bb6 {[%emt 0:01:10]} Ne6 {[%emt 0:03:12]} 27. Nd3 {[%emt 0:02:04]} Bd4 {
[%emt 0:01:15]} 28. Bxd4 {[%emt 0:00:35]} Nxd4 {[%emt 0:00:07]} 29. Ra7 {
[%emt 0:00:42]} b5 {[%emt 0:02:23]} 30. e3 {[%emt 0:00:35]} Nxb3 {[%emt 0:00:
45]} 31. Rc7 {[%emt 0:00:34]} Rd8 {[%emt 0:00:56]} 32. Ne5 {[%emt 0:00:32]} c5
{[%emt 0:02:23]} 33. Nd7 {[%emt 0:00:22]} c4 {[%emt 0:02:04]} 34. Nf6+ {
[%emt 0:00:01]} Kf8 {[%emt 0:00:07]} 35. Nxh7+ {[%emt 0:00:02]} Kg8 {[%emt 0:
00:15]} 36. Nf6+ {[%emt 0:00:07]} Kf8 {[%emt 0:00:06]} 37. Nh7+ {[%emt 0:01:21]
} Kg8 {[%emt 0:00:05]} 38. Nf6+ {[%emt 0:00:01]} Kf8 {[%emt 0:00:08]} 39. g4 {
[%emt 0:01:36]} fxg4 {[%emt 0:01:36]} 40. Kg3 {[%emt 0:00:13]} Rd2 {[%emt 0:01:
38]} 41. Kf4 {[%emt 0:28:42]} Rxb2 {[%emt 0:25:23]} 42. Kg5 {[%emt 0:00:27]}
Rxf2 {[%emt 0:00:28]} 43. Kxg6 {[%emt 0:00:34]} Rxf6+ {[%emt 0:00:14]} 44. Kxf6
{[%emt 0:00:04]} Ke8 {[%emt 0:00:44]} 45. Ke6 {[%emt 0:00:05]} Kd8 {[%emt 0:01:
19]} 46. Rc6 {[%emt 0:14:18]} Nc1 {[%emt 0:02:37]} 47. Kd6 {[%emt 0:05:24]} Ne2
{[%emt 0:02:30]} 48. Rb6 {[%emt 0:01:30]} Ke8 {[%emt 0:00:52]} 49. Rxb5 {
[%emt 0:00:49]} g3 {[%emt 0:00:52]} 50. Ke6 {[%emt 0:01:25]} Kd8 {[%emt 0:01:
15]} 51. hxg3 {[%emt 0:00:32]} Nxg3 {[%emt 0:00:21]} 52. Rd5+ {[%emt 0:00:07]}
Kc7 {[%emt 0:01:04]} 53. Rc5+ {[%emt 0:00:01]} Kb6 {[%emt 0:00:08]} 54. Rxc4 {
[%emt 0:00:04]} Nf1 {[%emt 0:00:09]} 55. Rc3 {[%emt 0:01:09]} 1-0

[Event "FIDE Womens Grand Swiss 2021"]
[Site "Riga"]
[Date "2021.11.01"]
[Round "6.23"]
[White "Eizaguerri Floris, Maria"]
[Black "Arabidze, Meri"]
[Result "1/2-1/2"]
[WhiteElo "2328"]
[BlackElo "2441"]
[Annotator "NA"]
[PlyCount "125"]
[EventDate "2021.10.27"]
[EventType "swiss"]
[EventCountry "LAT"]
[Tiebreak "Cut1 Buchholz+Sonneborn-Berger (Swiss)"]
[SourceTitle "playchess.com"]
[Source "ChessBase"]
[SourceQuality "1"]
[TimeControl "40/6000+30:20/3000+30:900+30"]

1. e4 {[%emt 0:10:02]} c5 {[%emt 0:10:08]} 2. Nf3 {[%emt 0:00:06]} Nc6 {
[%emt 0:00:21]} 3. d4 {[%emt 0:00:09]} cxd4 {[%emt 0:00:22]} 4. Nxd4 {[%emt 0:
00:05]} Nf6 {[%emt 0:00:27]} 5. Nc3 {[%emt 0:00:21]} e5 {[%emt 0:00:17]} 6.
Ndb5 {[%emt 0:00:18]} d6 {[%emt 0:00:09]} 7. Nd5 {[%emt 0:00:16]} Nxd5 {
[%emt 0:00:16]} 8. exd5 {[%emt 0:00:05]} Nb8 {[%emt 0:00:32]} 9. a4 {[%emt 0:
00:26]} Be7 {[%emt 0:00:52]} 10. Be2 {[%emt 0:00:43]} O-O {[%emt 0:01:04]} 11.
O-O {[%emt 0:00:16]} a6 {[%emt 0:03:23]} 12. Na3 {[%emt 0:00:17]} Nd7 {[%emt 0:
00:07]} 13. Nc4 {[%emt 0:03:46]} f5 {[%emt 0:12:36]} 14. f4 {[%emt 0:01:40]}
Bf6 {[%emt 0:01:36]} 15. a5 {[%emt 0:04:48]} Qc7 {[%emt 0:04:56]} 16. Be3 {
[%emt 0:10:11]} exf4 {[%emt 0:05:14]} 17. Bxf4 {[%emt 0:00:44]} Ne5 {[%emt 0:
00:11]} 18. Nb6 {[%emt 0:21:08]} Rb8 {[%emt 0:01:02]} 19. Be3 {[%emt 0:09:21]}
Ng6 {[%emt 0:06:08]} 20. Rb1 {[%emt 0:05:57]} Qe7 {[%emt 0:05:16]} (20... f4 $5
21. Bxf4 Bf5 22. Bxd6 Qxd6 23. Rxf5 Bd4+ 24. Qxd4 Rxf5 $11) 21. Bf2 {[%emt 0:
01:51]} Be5 $14 {[%emt 0:04:18]} 22. b4 {[%emt 0:07:42]} Nf4 {[%emt 0:04:22]}
23. Bf3 {[%emt 0:05:12]} g5 {[%emt 0:03:44]} 24. Qd2 {[%emt 0:02:02]} g4 {
[%emt 0:14:09]} 25. Bd1 {[%emt 0:00:07]} Ng6 {[%emt 0:02:17]} 26. Rb3 {[%emt 0:
05:41]} Bd7 {[%emt 0:04:47]} 27. Nxd7 {[%emt 0:08:43]} Qxd7 {[%emt 0:00:08]}
28. c4 {[%emt 0:00:11]} f4 {[%emt 0:06:36]} 29. Bc2 {[%emt 0:10:30]} Qg7 {
[%emt 0:05:19]} 30. Qd1 {[%emt 0:01:40]} Ne7 {[%emt 0:02:51]} 31. g3 {[%emt 0:
00:37]} f3 {[%emt 0:06:44]} 32. Qd2 {[%emt 0:00:08]} Rbc8 {[%emt 0:01:33]} 33.
c5 {[%emt 0:00:32]} Rfd8 {[%emt 0:00:59]} 34. Be4 {[%emt 0:00:20]} h5 {[%emt 0:
01:29]} 35. Kh1 {[%emt 0:00:55]} Kh8 {[%emt 0:01:44]} 36. h4 {[%emt 0:00:19]}
Ng8 {[%emt 0:01:05]} 37. Bf5 {[%emt 0:00:35]} Rc7 {[%emt 0:00:38]} 38. c6 {
[%emt 0:01:05]} bxc6 {[%emt 0:00:57]} 39. Bb6 {[%emt 0:00:10]} Bxg3 {[%emt 0:
00:50]} 40. Bxc7 {[%emt 0:00:04]} Qxc7 {[%emt 0:00:22]} 41. Qg5 {[%emt 0:23:50]
} Qf7 {[%emt 0:24:45]} 42. Be6 {[%emt 0:12:59]} Qf6 {[%emt 0:02:35]} 43. Qxf6+
{[%emt 0:04:09]} Nxf6 {[%emt 0:00:05]} 44. dxc6 {[%emt 0:00:13]} d5 {[%emt 0:
01:16]} 45. Rc1 {[%emt 0:08:05]} Bc7 {[%emt 0:00:57]} 46. b5 {[%emt 0:00:20]}
axb5 {[%emt 0:00:51]} 47. Rxb5 {[%emt 0:00:16]} Ne4 {[%emt 0:17:36]} 48. Rb7 {
[%emt 0:03:49]} Ng3+ {[%emt 0:00:17]} 49. Kh2 {[%emt 0:00:22]} Ne2+ {[%emt 0:
00:51]} 50. Rxc7 {[%emt 0:00:04]} Nxc1 {[%emt 0:00:06]} 51. Rd7 {[%emt 0:00:36]
} Rf8 {[%emt 0:02:15]} 52. c7 {[%emt 0:00:28]} f2 {[%emt 0:04:01]} 53. Rf7 {
[%emt 0:00:16]} Rxf7 {[%emt 0:00:51]} 54. c8=Q+ {[%emt 0:00:05]} Kg7 {[%emt 0:
00:10]} 55. Qc3+ {[%emt 0:02:17]} Kf8 {[%emt 0:00:31]} 56. Qh8+ {[%emt 0:00:35]
} Ke7 {[%emt 0:00:07]} 57. Bxf7 {[%emt 0:00:35]} f1=Q {[%emt 0:00:15]} 58. Qe8+
{[%emt 0:00:06]} Kf6 {[%emt 0:00:56]} 59. Qe6+ {[%emt 0:00:05]} Kg7 {[%emt 0:
00:03]} 60. Qg6+ {[%emt 0:00:06]} Kf8 {[%emt 0:00:02]} 61. Qg8+ {[%emt 0:16:02]
} Ke7 {[%emt 0:15:01]} 62. Qe8+ {[%emt 0:00:08]} Kf6 {[%emt 0:00:31]} 63. Qe6+
{[%emt 0:00:06]} 1/2-1/2

[Event "FIDE Womens Grand Swiss 2021"]
[Site "Riga"]
[Date "2021.11.01"]
[Round "6.24"]
[White "Cyfka, Karina"]
[Black "Milliet, Sophie"]
[Result "1-0"]
[WhiteElo "2409"]
[BlackElo "2410"]
[Annotator "ChessBase"]
[PlyCount "153"]
[EventDate "2021.10.27"]
[EventType "swiss"]
[EventCountry "LAT"]
[Tiebreak "Cut1 Buchholz+Sonneborn-Berger (Swiss)"]
[SourceTitle "playchess.com"]
[Source "ChessBase"]
[SourceQuality "1"]
[TimeControl "40/6000+30:20/3000+30:900+30"]

1. d4 {[%emt 0:10:03]} Nf6 {[%emt 0:10:03]} 2. Nf3 {[%emt 0:00:10]} e6 {
[%emt 0:01:05]} 3. c4 {[%emt 0:00:13]} c5 {[%emt 0:00:12]} 4. d5 {[%emt 0:00:
12]} d6 {[%emt 0:00:10]} 5. Nc3 {[%emt 0:00:30]} exd5 {[%emt 0:00:05]} 6. cxd5
{[%emt 0:00:04]} g6 {[%emt 0:00:04]} 7. Bf4 {[%emt 0:00:54]} Bg7 {[%emt 0:00:
48]} 8. Qa4+ {[%emt 0:01:19]} Bd7 {[%emt 0:00:06]} 9. Qb3 {[%emt 0:00:05]} b5 {
[%emt 0:00:17]} 10. e3 {[%emt 0:03:06]} c4 {[%emt 0:04:41]} 11. Qd1 {[%emt 0:
21:36]} b4 {[%emt 0:32:47]} 12. Nb1 {[%emt 0:03:43]} c3 {[%emt 0:04:53]} 13.
bxc3 {[%emt 0:01:49]} bxc3 {[%emt 0:00:08]} 14. Nxc3 {[%emt 0:01:08]} Qa5 {
[%emt 0:01:14]} 15. Qd2 {[%emt 0:01:47]} O-O {[%emt 0:02:10]} 16. Bxd6 {
[%emt 0:06:56]} Ng4 {[%emt 0:09:14]} 17. Rc1 {[%emt 0:04:39]} Rc8 {[%emt 0:04:
29]} 18. Nd4 {[%emt 0:00:26]} Na6 {[%emt 0:12:37]} 19. Be2 {[%emt 0:03:03]} Nc5
{[%emt 0:01:38]} 20. O-O {[%emt 0:01:34]} Na4 {[%emt 0:00:50]} 21. Ne4 {
[%emt 0:04:01]} Qxd5 {[%emt 0:01:59]} 22. Bf3 {[%emt 0:05:32]} Kh8 {[%emt 0:00:
03]} 23. Qb4 {[%emt 0:26:10]} Rxc1 {[%emt 0:18:57]} 24. Rxc1 {[%emt 0:00:04]}
Ne5 {[%emt 0:02:23]} 25. Bxe5 {[%emt 0:02:12]} Qxe5 {[%emt 0:00:01]} 26. Nf6 {
[%emt 0:03:45]} Rb8 {[%emt 0:02:05]} 27. Nxd7 {[%emt 0:00:32]} Rxb4 {[%emt 0:
00:18]} 28. Nxe5 {[%emt 0:00:28]} Bxe5 {[%emt 0:00:04]} 29. Nc6 {[%emt 0:00:09]
} Bb2 {[%emt 0:00:28]} 30. Rd1 {[%emt 0:06:51]} Rb7 {[%emt 0:00:05]} 31. g4 {
[%emt 0:00:23]} Nc3 {[%emt 0:00:58]} 32. Rd2 {[%emt 0:00:28]} Ba3 {[%emt 0:00:
52]} 33. Kg2 {[%emt 0:01:48]} Kg7 {[%emt 0:00:32]} 34. Rc2 {[%emt 0:00:44]} Nb1
{[%emt 0:00:26]} 35. Bd5 {[%emt 0:00:37]} Rc7 {[%emt 0:00:25]} 36. Rc4 {
[%emt 0:00:38]} Bd6 {[%emt 0:00:23]} 37. e4 {[%emt 0:00:34]} Na3 {[%emt 0:00:
29]} 38. Ra4 {[%emt 0:00:24]} Nb5 {[%emt 0:00:22]} 39. Ra5 {[%emt 0:00:23]} Nc3
{[%emt 0:00:51]} 40. Rxa7 {[%emt 0:00:21]} Nxd5 {[%emt 0:00:37]} 41. exd5 {
[%emt 0:50:08]} Rc8 {[%emt 0:50:25]} 42. Rd7 {[%emt 0:00:00]} Ba3 {[%emt 0:00:
00]} 43. Nd8 {[%emt 0:00:00]} Rc2 {[%emt 0:00:00]} 44. g5 {[%emt 0:00:00]} Kf8
{[%emt 0:00:00]} 45. Rxf7+ {[%emt 0:00:00]} Ke8 {[%emt 0:00:00]} 46. Rf3 {
[%emt 0:00:00]} Rxa2 {[%emt 0:00:00]} 47. Ne6 {[%emt 0:00:00]} Bd6 {[%emt 0:00:
00]} 48. Rd3 {[%emt 0:00:00]} Ra5 {[%emt 0:00:00]} 49. h3 {[%emt 0:00:00]} Kd7
{[%emt 0:00:00]} 50. Kf3 {[%emt 0:00:00]} Be7 {[%emt 0:00:00]} 51. h4 {[%emt 0:
00:00]} Kd6 {[%emt 0:00:00]} 52. Nf4 {[%emt 0:00:00]} Ra2 {[%emt 0:00:00]} 53.
Rb3 {[%emt 0:00:00]} Bd8 {[%emt 0:00:00]} 54. Rc3 {[%emt 0:01:26]} Kd7 {
[%emt 0:01:57]} 55. Nd3 {[%emt 0:01:59]} Bb6 {[%emt 0:02:27]} 56. Rc6 {[%emt 0:
02:14]} Bd4 {[%emt 0:01:18]} 57. Nc5+ {[%emt 0:00:27]} Ke8 {[%emt 0:01:37]} 58.
Ne4 {[%emt 0:00:41]} Ra3+ {[%emt 0:00:24]} 59. Kg2 {[%emt 0:02:05]} Ra7 {
[%emt 0:00:39]} 60. Nd6+ {[%emt 0:00:27]} Kd7 {[%emt 0:00:04]} 61. Nb5 {
[%emt 0:15:16]} Ra4 {[%emt 0:15:01]} 62. Rc7+ {[%emt 0:00:37]} Kd8 {[%emt 0:00:
01]} 63. Rxh7 {[%emt 0:00:44]} Be5 {[%emt 0:00:30]} 64. Na7 {[%emt 0:00:18]}
Ke8 {[%emt 0:02:06]} 65. Nc8 {[%emt 0:00:57]} Kd8 {[%emt 0:00:49]} 66. Ne7 {
[%emt 0:00:14]} Bd6 {[%emt 0:00:39]} 67. Nxg6 {[%emt 0:01:05]} Rd4 {[%emt 0:00:
08]} 68. Rh8+ {[%emt 0:00:29]} Kc7 {[%emt 0:00:05]} 69. Rh7+ {[%emt 0:00:17]}
Kd8 {[%emt 0:00:21]} 70. Nh8 {[%emt 0:00:17]} Ke8 {[%emt 0:01:17]} 71. g6 {
[%emt 0:00:41]} Be5 {[%emt 0:00:47]} 72. Nf7 {[%emt 0:00:41]} Bf6 {[%emt 0:00:
34]} 73. Nd6+ {[%emt 0:00:32]} Kd8 {[%emt 0:00:23]} 74. h5 {[%emt 0:00:15]}
Rxd5 {[%emt 0:00:09]} 75. Ne4 {[%emt 0:00:09]} Bd4 {[%emt 0:00:22]} 76. h6 {
[%emt 0:00:54]} Ke8 {[%emt 0:00:04]} 77. Rb7 {[%emt 0:00:33]} 1-0